| 000 | 01221nam a2200385 c 4500 | ||
|---|---|---|---|
| 001 | 12463 | ||
| 003 | ES-MaCES | ||
| 005 | 20141221122205.0 | ||
| 008 | 010724s2001 sp t 000 | spa d | ||
| 017 |
_aT 782-2001 _bDL |
||
| 020 | _a8493172553 | ||
| 035 | _aCES20010010911m | ||
| 040 |
_aES-MaCES _bspa _cES-MaCES |
||
| 100 | 1 |
_aFranquet, José María _912374 |
|
| 245 | 1 | 0 |
_aCon el agua al cuello _b: 55 respuestas al Plan Hidrológico Nacional _cJosé María Franquet |
| 250 | _a1ª ed | ||
| 260 |
_aBarcelona _bLittera _c2001 |
||
| 300 |
_a207 p. _c22 cm |
||
| 490 | 0 |
_aEnsayo _v2 |
|
| 504 | _aBibliografía: p. 201-205 | ||
| 541 | _cCompra | ||
| 610 | 1 | 4 |
_aEspaña _tPlan Hidrológico Nacional _d2000 _93305 |
| 630 | 2 | 4 |
_aPlan Hidrológico del Ebro _933662 |
| 650 | 4 |
_ared hidrológica _928801 |
|
| 650 | 4 |
_arecursos hídricos _928722 |
|
| 650 | 4 |
_autilización del agua _928823 |
|
| 650 | 4 |
_aEspaña _926964 |
|
| 650 | 4 |
_aplan nacional _927018 |
|
| 650 | 4 |
_arepertorio de recomendaciones prácticas _929261 |
|
| 653 | 1 | 0 | _aPolíticas sectoriales |
| 830 | 0 |
_aEnsayo (Littera Books) _v2 _933661 |
|
| 902 | _aLIB Libro | ||
| 942 |
_2CES _cBK _h5.2. |
||
| 999 |
_c12463 _d12463 |
||